000 00696nam a2200229Ia 4500
005 20230605105101.0
008 131103s9999 xx 000 0 und d
040 _aLoreto College
041 _aEnglish
082 _a940.1
_bPAT
100 _aPainter,Sidney
245 4 _aThe rise of the feudal monarchies
_cSidney Painter;foreword by Edward Whiting Fox
260 _aNew York
_bCornell University Press
_c1951 (1962 printing)
300 _aix,147 p.
504 _aIncludes bibliographical references and index
630 _aEurope - Medieval History,800 - 1099
650 _aMedieval History
651 _aFeudalism
700 _aFox,Edward Whiting
850 _aLCLIB
942 _cBK
999 _c3858
_d54337